000 01095nam a2200301 i 4500
001 12387
003 KOSZ 005
005 20200630132826.0
008 071108s1968 pl a f f 001 0 pol
015 _aPB 1969/382
040 _aWA N
_cKOSZ 005/ID
_dKOSZ 005/ID
041 1 _apol
_heng
080 _a543.4:541
100 1 _aBarrow, Gordon M.
_d(1923- )
_eAutor
245 1 0 _aWstęp do spektroskopii molekularnej /
_cGordon M. Barrow ; tł. Andrzej Kisiel, Krzysztof Melzacki.
246 1 _iTyt. oryg.:
_aIntroduction to molecular spectroscopy.
260 _aWarszawa :
_bPaństwowe Wydawnictwo Naukowe,
_c1968.
300 _a368 s. :
_bil., err. ;
_c23 cm.
380 _aKsiążki.
504 _aIndeks.
655 4 _aPodręcznik
650 4 _aAnaliza spektralna
700 1 _aKisiel, Andrzej
_d(1930- ).
_eTłumaczenie
700 1 _aMelzacki, Krzysztof.
_eTłumaczenie
710 2 _aPaństwowe Wydawnictwo Naukowe
_4pbl.
856 _uhttp://koha.tu.koszalin.pl/cgi-bin/koha/opac-detail.pl?biblionumber=12387
_yKatalog online BPK
942 _2UKD
_cKS
999 _c12387
_d12387